000 00635nam a2200205Ia 4500
003 GCL
008 140319s9999 xx 000 0 ara d
040 _aGCL /
_cGCL
082 0 4 _a330.124
_bج ت
100 1 _aجامعة قاريونس
245 1 0 _aالتخطيط الاقتصادى الشامل /
_cجامعة قاريونس
700 1 _aمحمد عزيز (مترجم)
260 _a[S.N] :
_bجامعة قاريونس ،
_c1987
300 _a666 ص
490 _a
650 0 4 _aالتخطيط الاقتصادى
650 0 4 _aالسياسة التجارية
650 0 4 _aالسياسة المالية
942 _2ddc
_cBK
999 _c48181
_d48181